000 00437nam a2200193Ia 4500
005 20250603144922.0
008 250603s9999 xx 000 0 und d
020 _a8184480857
050 _aRM 300 .T73/
100 _aTripathi, K. D.
245 0 _aEssentials of medical pharmacology
250 _a6th ed.
260 _aNew Delhi
260 _bJaypee
260 _c2008
300 _a940 p
650 _aNew Delhi
942 _cBK
999 _c40337
_d40337